| 000 | 00632nam a22002057a 4500 | ||
|---|---|---|---|
| 999 |
_c10726 _d10726 |
||
| 003 | AR-CdUCM | ||
| 008 | 190401b ||||| |||| 00| 0 spa d | ||
| 040 |
_aMUNICIPALIDAD PROVINCIAL DEL CUSCO _cBIBLIOTECA MUNICIPAL DEL CUSCO |
||
| 082 |
_a803 / _bC61 / 1904 |
||
| 100 |
_aClavero, José G. _927724 |
||
| 245 | _aEl coronel de milicias / | ||
| 260 |
_aLima : _bEl lucero, _c1904. |
||
| 300 |
_a46 cm. _c20 cm. |
||
| 505 | _aContenido : María Oliva -- El coronel de milicias -- Contrato ... | ||
| 650 |
_aLiteratura _983 |
||
| 650 |
_aPeruana _925277 |
||
| 650 |
_aLatinoamericana _95799 |
||
| 942 |
_2ddc _cLIBROS |
||
| 945 | _arah | ||